000 00384nam a2200157Ia 4500
005 20240807062339.0
008 240806s9999||||xx |||||||||||||| ||eng||
041 _aeng
082 _a891.433009
_bSHAH
100 _aPradeep Sharma
245 0 _aHindi upnyasho ka shilp vidhan /
_cPradeep Sharma
260 _bAbhay Prakashan Kanpur
300 _a0
650 _aHindi
942 _cBK
999 _c16214
_d16214